00285nam a2200109Ia 4500008004100000041000800041082001300049100002000062245002400082260003900106300003000145240624s9999 xx 000 0 und d aeng a823 BRA  aBRANSON RICHARD aLOSING MY VIRGINITY c2004aNew YorkbThree Rivers Press axi, , 403 , 19 : p. : cm.